Ako získať verného zákazníka

Čo všetko ovplyvňuje návrat zákazníka do predajne - vrátenie výrobku, združený predaj, zdvojený predaj, obaly na viacnásobné použitie a podpora služieb v časovom horizonte.

Na minha lista:
Detalhes bibliográficos
Autor principal: Cohen, Maurice
Formato: Capítulo de Livro
Idioma:eslovaco
Assuntos:
Tags: Adicionar Tag
Sem tags, seja o primeiro a adicionar uma tag!

MARC

LEADER 00000naa a2200000 4500
001 r043445
005 20231002114135.7
041 0 |a slo 
044 |a SK 
245 1 0 |a Ako získať verného zákazníka  |c Maurice Cohen 
520 |a Čo všetko ovplyvňuje návrat zákazníka do predajne - vrátenie výrobku, združený predaj, zdvojený predaj, obaly na viacnásobné použitie a podpora služieb v časovom horizonte. 
610 2 0 |a podpora predaja 
610 2 0 |a psychológia predaja 
610 2 0 |a zákazníci 
610 2 0 |a predajcovia 
610 2 0 |a výrobky 
610 2 0 |a obaly 
610 2 0 |a služby 
100 1 |a Cohen, Maurice